00475nam a2200169Ia 4500001001000000003000500010008004100015010001100056040000900067082001700076100002000093245009200113260002100205300001100226650003800237650003000275Para_1768CHAP220125sc199 xx 000 0 und d a200400 cCHAP aPA 632.58 D3 aDavis, Linda W. aWeed sieds of Ure great plains :b a handbook for identification /c by Linda W. Davis aUSA. :b Kausas a145 p. aMalas hierbas x identificación 7aMalas hierbasxSemillas2